Designing large-scale web sites : (Record no. 7141)
[ view plain ]
| 000 -LEADER | |
|---|---|
| fixed length control field | 00815cam a2200217 a 4500 |
| 020 ## - INTERNATIONAL STANDARD BOOK NUMBER | |
| ISBN | 047114276X (paper : acidfree paper) |
| 020 ## - INTERNATIONAL STANDARD BOOK NUMBER | |
| ISBN | 9780471142768 |
| 050 00 - CALL NUMBER | |
| Classification number | TK5105.888 |
| Item number | .Sa5 |
| 100 1# - AUTHOR | |
| Personal name | Sano, Darrell. |
| 245 10 - TITLE | |
| Title | Designing large-scale web sites : |
| Remainder of title | a visual design methodology / |
| Statement of responsibility, etc | Darrell Sano. |
| 260 ## - PUBLICATION INFORMATION | |
| Place of publication | New York : |
| Name of publisher | John Wiley & Sons, Inc., |
| Year of publication | c1996. |
| 300 ## - DESCRIPTION | |
| Number of Pages | xv, 288 p. : |
| Other physical details | ill. (some col.) ; |
| Dimensions | 24 cm. |
| 500 ## - NOTES | |
| General note | Includes index |
| 505 ## - FORMATTED CONTENTS NOTE | |
| Table of Content | 1. Introduction --<br/>2. Preliminary Design Preparation --<br/>3. Designing the Organizational Framework --<br/>4. Applying Visual Design for the Web --<br/>5. Visual Design Workshop. |
| 650 #0 - SUBJECTS | |
| Topical Term | Web sites |
| General subdivision | Design. |
| 650 #0 - SUBJECTS | |
| Topical Term | Graphic arts. |
| 650 #0 - SUBJECTS | |
| Topical Term | Web servers. |
| 650 #0 - SUBJECTS | |
| Topical Term | Hypertext systems. |
| 650 #0 - SUBJECTS | |
| Topical Term | World Wide Web. |
| 942 ## - ADDED ENTRY ELEMENTS (KOHA) | |
| Koha item type | Books |
| Withdrawn status | Lost status | Collection code | Home library | Current library | Shelving location | Date acquired | Full call number | Accession Number | Koha item type |
|---|---|---|---|---|---|---|---|---|---|
| Reference | Methodist University Library Main | Methodist University Library Main | General Stacks | TK5105.888 .Sa5 | 37942 | Books |